| 000 | 00729nam a2200229Ia 4500 | ||
|---|---|---|---|
| 003 | GCL | ||
| 008 | 140319s9999 xx 000 0 ara d | ||
| 040 |
_aGCL / _cGCL |
||
| 082 | 0 | 4 |
_a759.48 _bج ر |
| 100 | 1 | _aراتب احمد قبيعة | |
| 245 | 1 | 0 |
_aالرسام النرويجى : ادوارد مونش / _cراتب احمد قبيعة |
| 700 | 1 | _aجورج مدبك | |
| 260 |
_aبيروت : _bدار الراتب الجامعية ، _c1996 |
||
| 300 |
_a53 ص ؛ _c22 سم |
||
| 490 |
_aعالم الرسامين _v0 |
||
| 650 | 0 | 4 | _aالفنانون |
| 650 | 0 | 4 | _aالفنون التشكيلية |
| 650 | 0 | 4 | _aالتصوير |
| 650 | 0 | 4 | _aالنرويج |
| 650 | 0 | 4 | _aمونش , ادوارد |
| 942 |
_2ddc _cBK |
||
| 999 |
_c48544 _d48544 |
||